000 01130nas a2200361 4500
001 BR0800300
003 BR-BrBNA
005 20231205111445.0
007 ta
008 230509b bl.|||p| |||| 00| 00por d
040 _aBR-BrBNA
_bpor
_cBiblioteca Nacional de Agricultura
041 _a(Pt)
072 _aL73; L72
100 1 _aRebouças, M.M.
100 1 _aAmaral, V.do
100 1 _aTucci, E.C.
100 1 _aAlberti, A.L.L.
100 1 _aMurakami, T.O.
245 1 _aIdentificação de espécies do gênero Eimeria Schneider, 1875, parasitas de ovinos nos minicípios de Presidente Prudente, Guaratinguetá e Jardinópolis, São Paulo, Brasil
650 _aDOENÇA ANIMAL
650 _aPRAGA DE ANIMAL
650 _aEIMERIOSE
650 _aOVINO
650 _aPARASITO
650 _aPROTOZOÁRIO
650 _aFEZES
650 _aPRESIDENTE PRUDENTE
650 _aGUARATINGUETÁ
650 _aJARDINÓPOLIS
773 0 _tArquivos do Instituto Biológico (Brazil)
_xISSN 0020-3653
_g(Jan-Jun 1997), v. 64(1) p. 5-10
_wBR0800300
909 _a202311
_bLúcia
_c55
_dLúcia Elande
942 _2AGRIS
_n0
_cANA
999 _c192833
_d192833